|
|
|
|
| LEADER |
02795nam a2200517 a 4500 |
| 001 |
mzk03001175288 |
| 003 |
CZ BrMZK |
| 005 |
20130816115140.0 |
| 007 |
ta |
| 008 |
071010s1761 xr abi|fr|||||00||||lat|d |
| 040 |
|
|
|a BOA001
|b cze
|d BOE950
|
| 041 |
1 |
|
|a lat
|h cze
|
| 072 |
|
7 |
|a 094
|x Staré tisky
|2 Konspekt
|9 12
|
| 072 |
|
7 |
|a 94(437)
|x Dějiny Česka a Slovenska
|2 Konspekt
|9 8
|
| 080 |
|
|
|a 025.171
|2 MRF
|
| 080 |
|
|
|a 94(437)
|2 MRF
|
| 080 |
|
|
|a (0.068)094
|2 MRF
|
| 100 |
1 |
|
|a Dobner, Gelasius,
|d 1719-1790
|7 jk01022444
|4 aut
|
| 245 |
1 |
0 |
|a Wenceslai Hagek a Liboczan Annales Bohemorum.
|n Pars I.,
|p Seu Prodromus quo Hayecii proemium de origine gentis Bohemicae pertractatur /
|c Nunc plurimis animadversionibus historico-chronologico-criticis, nec non diplomatibus, literis publicis, re genealogica, numaria, variique generis antiquis aeri incisis monumentis aucti a P. Gelasio a s. Catharina ejusdem instituti sacerdote; E bohemica editione latine redditi, et notis illustrati A P. Victorino a S. Cruce e Scholis Piis
|
| 246 |
3 |
0 |
|a Seu Prodromus quo Hayecii proemium de origine gentis Bohemicae pertractatur
|
| 260 |
|
|
|a Pragae :
|b litteris viduae Kirchneri, regii typographi, factore Francisco Carolo Unger,
|c 1761
|
| 300 |
|
|
|a [2], 192 s., [5] příl. ;
|c 4°
|
| 500 |
|
|
|a Výzdoba: ozdobná klišé, viněty, ozdobné linky z typografických ozdůbek, vlysy, mědirytinové přílohy (erby, mapa)
|
| 500 |
|
|
|a Na předním přídeští německé rukou psané přípisky
|
| 546 |
|
|
|a Dílo obsahuje překladem z češtiny do latiny
|
| 561 |
|
|
|a Provenience: Exlibris se studujícím mnichem
|
| 561 |
|
|
|a Provenience: [znakové exlibris rajhradské knihovny] Monasterii rayhradensis Ord: S: Benedicti
|
| 561 |
|
|
|a Provenience: [m.p.] Praepositura Rayhradiensis O.S.B. Oth. P.R.
|
| 563 |
|
|
|a Původní celokožená vazba se zlaceným hřbetem a zlaceným znakovým rajhradským supralibros na přední desce, červená ořízka
|
| 510 |
4 |
|
|a Knihopis,
|c K01962
|u https://aleph.nkp.cz/F/?func=direct&doc_number=000018321&local_base=KPS
|
| 650 |
0 |
7 |
|a historické knihovní fondy
|7 ph172933
|2 czenas
|
| 650 |
|
7 |
|a dějiny
|7 ph114390
|2 czenas
|
| 655 |
|
7 |
|a staré tisky
|7 fd422076
|2 czenas
|
| 700 |
1 |
|
|a Hájek z Libočan, Václav,
|d -1553
|7 jk01033098
|4 aut
|
| 700 |
1 |
|
|a Jevina, Viktorin,
|d 1672-1730
|7 jo2004042722
|4 trl
|
| 856 |
4 |
1 |
|u https://imageserver.mzk.cz/mzk03/001/175/288/328100205579.titul.jp2
|y Titulní list
|
| 903 |
|
|
|a RP
|
| 910 |
|
|
|e BOE950
|c R - J. II. a. 23
|
| 978 |
|
|
|b Kirchnerová, Žofie
|a Praha
|c 1761
|
| 978 |
|
|
|b Unger, František Karel
|a Praha
|c 1761
|
| 984 |
|
|
|a Praha
|b Česko
|
| 985 |
|
|
|a 1751-1800
|
| 990 |
|
|
|a BK
|
| 996 |
|
|
|e BOE950
|c R - J. II. a. 23
|
| 991 |
|
|
|k rajhrad
|
| 980 |
|
|
|c 205579
|g R - J. II. a. 23
|d 20071010
|t 5
|1 328100205579
|n J
|z PA
|v V
|